| 000 | 00396nam a22001337a 4500 | ||
|---|---|---|---|
| 008 | 230717b xxu||||| |||| 00| 0 eng d | ||
| 020 | _a010286196X | ||
| 082 |
_a363.4 _bHMS |
||
| 110 | _bNational Audit Office | ||
| 245 |
_aHM Customs and Excise:The Seizure of Drug Traffickers' Assets _bReport by the Comptroller and Auditor General |
||
| 260 |
_aLondon _c1996 |
||
| 300 | _a37p | ||
| 942 |
_2ddc _cBK |
||
| 999 |
_c3967 _d3967 |
||